Nauka_angielskiego_02 - Statystyki

Ogólne statystyki
  • Ten quiz został rozwiązany 5 913 razy
  • Średni wynik to 16 z 22
Statystyki odpowiedzi
Hint Odpowiedź % Poprawnych
taksówka cab
97%
oczy eyes
94%
noga leg
94%
lato summer
94%
wesoły cheerful
90%
jedzenie food
89%
kanapka sandwich
88%
las forest
87%
szalony mad
87%
góra mountain
87%
wakacje holiday
86%
zęby teeth
85%
stopa foot
82%
kubek mug
80%
ząb tooth
79%
stopy feet
78%
wzgórze hill
53%
dopasowany fit
42%
dąb oak :P
36%
rozrywka activity
30%
ziewać yawn
26%
czkawka hiccup
19%
Nie znaleziono quizów pasujących do podanych kryteriów
Rozkład punktacji
Procent ludzi z każdym wynikiem
Percentyl według liczby udzielonych odpowiedzi
Twoja historia wyników
Nie rozwiązałeś tego quizu